Catálogo
 En Linea

La paz es posible : (Registro nro. 51575)

Detalles MARC
000 -CABECERA
campo de control de longitud fija 01599nam a22004217a 4500
003 - IDENTIFICADOR DEL NÚMERO DE CONTROL
campo de control DO-SdBNP
005 - FECHA Y HORA DE LA ÚLTIMA TRANSACCIÓN
campo de control 20220429132652.0
007 - CAMPO FIJO DE DESCRIPCIÓN FÍSICA--INFORMACIÓN GENERAL
campo de control de longitud fija ta
008 - DATOS DE LONGITUD FIJA--INFORMACIÓN GENERAL
campo de control de longitud fija 220425b |||||||| |||| 00| 0 spa d
020 ## - NÚMERO INTERNACIONAL ESTÁNDAR DEL LIBRO
Número Internacional Estándar del Libro 9788461132805
040 ## - FUENTE DE LA CATALOGACIÓN
Centro catalogador/agencia de origen DO-SdBNP
Lengua de catalogación spa
Centro/agencia transcriptor BNPHU
082 #4 - NÚMERO DE LA CLASIFICACIÓN DECIMAL DEWEY
Número de clasificación 303
Número de documento/Ítem P348p
Número de edición 22
245 10 - MENCIÓN DE TÍTULO
Título La paz es posible :
Resto del título propuesta pedagógica /
Mención de responsabilidad, etc. Manel Fuentes... [et.al]
260 ## - PUBLICACIÓN, DISTRIBUCIÓN, ETC.
Lugar de publicación, distribución, etc. Santo Domingo :
Nombre del editor, distribuidor, etc. Fundación Carta a la Paz,
Fecha de publicación, distribución, etc. [¿2007? ].
300 ## - DESCRIPCIÓN FÍSICA
Extensión 13 fichas :
Otras características físicas il. ;
Dimensiones 30 cm.
Material acompañante/anejo + CD-ROM
500 ## - NOTA GENERAL
Nota general Incluye 12 fichas pedagógicas enumeradas.
500 ## - NOTA GENERAL
Nota general Incluye un CD-ROM.
505 #1 - NOTA DE CONTENIDO CON FORMATO
Nota de contenido con formato La paz es posible. Propuesta pedagógica --
505 ## - NOTA DE CONTENIDO CON FORMATO
Título Ficha 0. La paz no viene sola --
505 ## - NOTA DE CONTENIDO CON FORMATO
Título Ficha 1. Obstáculos a la paz --
505 ## - NOTA DE CONTENIDO CON FORMATO
Título Ficha 2. Sin resentimientos --
505 ## - NOTA DE CONTENIDO CON FORMATO
Título Ficha 3. El trabajo por la paz --
505 ## - NOTA DE CONTENIDO CON FORMATO
Título Ficha 4. Ni tirano ni esclavos de la historia --
505 ## - NOTA DE CONTENIDO CON FORMATO
Nota de contenido con formato
Título Ficha 5. Fundamento de la solidaridad --
505 ## - NOTA DE CONTENIDO CON FORMATO
Título Ficha 6. La sociedad civil --
505 ## - NOTA DE CONTENIDO CON FORMATO
Título Ficha 7. Las personas y la paz --
505 ## - NOTA DE CONTENIDO CON FORMATO
Título Ficha 8. La memoria histórica --
505 ## - NOTA DE CONTENIDO CON FORMATO
Título Ficha 9. Derecho a ser entusiasmados --
505 ## - NOTA DE CONTENIDO CON FORMATO
Título Ficha 10. La democracia en libertad --
505 ## - NOTA DE CONTENIDO CON FORMATO
Título Ficha 11. El derecho de las generaciones futuas --
505 ## - NOTA DE CONTENIDO CON FORMATO
Título Ficha 12. Carta de la paz dirigida a la ONU --
650 #4 - PUNTO DE ACCESO ADICIONAL DE MATERIA--TÉRMINO DE MATERIA
Término de materia o nombre geográfico como elemento de entrada Paz
Subdivisión general Aspectos sociales
9 (RLIN) 81513
700 01 - PUNTO DE ACCESO ADICIONAL--NOMBRE DE PERSONA
Nombre de persona Pera, Joan ,
9 (RLIN) 81492
Término indicativo de función/relación Colaborador
700 ## - PUNTO DE ACCESO ADICIONAL--NOMBRE DE PERSONA
Nombre de persona Bosch, Jordi,
9 (RLIN) 81493
Término indicativo de función/relación Colaborador
700 ## - PUNTO DE ACCESO ADICIONAL--NOMBRE DE PERSONA
Nombre de persona Aymar, Angels,
Fechas asociadas al nombre Colaborador
9 (RLIN) 81498
910 ## - DATOS DE OPCIÓN DEL USUARIO (OCLC)
Datos de opción del usuario saquino
942 ## - ELEMENTOS DE PUNTO DE ACCESO ADICIONAL (KOHA)
Fuente del sistema de clasificación o colocación Dewey Decimal Classification
Tipo de ítem Koha Folleto
Existencias
Estado de retiro Estado de pérdida Fuente del sistema de clasificación o colocación Restricciones de uso No para préstamo Código de colección Localización permanente Ubicación/localización actual Ubicación en estantería Fecha de adquisición Fuente de adquisición Signatura topográfica completa Código de barras Fecha visto por última vez Precio válido a partir de Tipo de ítem Koha Número de copia
    Dewey Decimal Classification Préstamo restringido   Patrimonio Dominicano Biblioteca Nacional Pedro Henríquez Ureña Biblioteca Nacional Pedro Henríquez Ureña En catalogación 26.04.2022 Depósito Legal BNPHU PD 303. P348p 2022-1551 26.04.2022 26.04.2022 Folleto  
    Dewey Decimal Classification Préstamo restringido   Patrimonio Dominicano Biblioteca Nacional Pedro Henríquez Ureña Biblioteca Nacional Pedro Henríquez Ureña En catalogación 26.04.2022 Depósito Legal BNPHU PD 303, P348p 2022-1554 26.04.2022 26.04.2022 Folleto e. 2
    Dewey Decimal Classification Préstamo en sala   Dominicana de Servicio Biblioteca Nacional Pedro Henríquez Ureña Biblioteca Nacional Pedro Henríquez Ureña En catalogación 26.04.2022 Depósito Legal BNPHU DS 303. P348p 2022-1555 26.04.2022 26.04.2022 Folleto e.3

Con tecnología Koha